000 02353cab a2200265 ab4500
005 20230922134551.0
008 991125c2015 ag fr p o 000 0 spa d
035 _aUPN01000215547
040 _aMX-MxUPN
_bspa
_cMX-MxUPN
_eaacr2
049 _aART-E
100 1 _aEtchergaray, María
100 1 _umariaetchegaray1984@gmail.com
245 1 0 _a¿Cómo enseñamos qué es el poder? :
_buna propuesta a través de estrategias didácticas basadas en el juego para estudiantes de escuelas secundarias
_h[recurso electrónico en línea]
506 0 _aAcceso abierto
520 3 _a¿De qué hablamos cuando hablamos de poderes? ¿Cómo enseñamos a estudiantes de secundario que el poder es una relación social? ¿Cómo enseñamos que las relaciones sociales son asimétricas, dinámicas, relacionales, que incluyen reglas de juego, posiciones de poder, contrapoderes y resistencias? Con la pretensión de reflexionar sobre estas preguntas, el artículo relata una experiencia docente centrada en una secuencia didáctica diseñada para trabajar el concepto de poder. La experiencia se implementó en Instrucción Cívica, en 5º año, en un colegio secundario estatal de la ciudad de Buenos Aires. La secuencia se compone de instancias grupales e individuales que incluyen: dinámica lúdico-expresiva (“El juego de los cieguitos”); actividades de reflexión (debate y reconocimiento de situaciones de ejercicio y obediencia del poder); actividades de producción (collage grupal). El artículo se estructura a partir de reflexiones e interrogantes que surgen como resultado de la implementación de la secuencia mencionada. El propósito de analizar la experiencia se basa en la relevancia de reflexionar sobre las potencialidades y limitaciones de la incorporación del juego y las dinámicas lúdico-expresivas en la enseñanza de las ciencias sociales en colegios secundarios, con la finalidad de favorecer el desarrollo del pensamiento crítico acerca de lo social en los estudiantes. Lúdicamente.
653 0 _aPoder
653 0 _aRelación social
653 0 _aDidáctica
653 0 _aJuego
773 _gvol. 4, no. 8 (2015), p. 1-10
_tLúdicamente
_x2250-723X
856 4 _uhttps://publicaciones.sociales.uba.ar/index.php/ludicamente/article/view/4277
902 _bLeonor Sotres/220923
905 _aArticulo
942 _cART-E
999 _c187647
_d187647